[Event "XIX Najdorf Memorial 2019"]
[Site "Warsaw"]
[Date "2019.07.07"]
[Round "2.24"]
[White "Siekanski, Janusz"]
[Black "Parol, Pola"]
[Result "1-0"]
[WhiteElo "2270"]
[BlackElo "2064"]
[Annotator "NA"]
[PlyCount "125"]
[EventDate "2019.07.06"]
[EventType "swiss"]
[EventCountry "POL"]
[SourceTitle "playchess.com"]
[Source "ChessBase"]
[SourceQuality "1"]
[TimeControl "40/5400+30:1800+30"]

1. d4 {[%emt 0:00:00]} Nf6 {[%emt 0:00:00]} 2. c4 {[%emt 0:00:00]} e6 {[%emt 0:00:00]} 3. Nc3 {[%emt 0:00:00]} Bb4 {[%emt 0:00:00]} 4. e3 {[%emt 0:00:25]} O-O {[%emt 0:00:10]} 5. Bd3 {[%emt 0:00:22]} d5 {[%emt 0:00:29]} 6. a3 {[%emt 0:00:54]} Bxc3+ {[%emt 0:00:30]} 7. bxc3 {[%emt 0:00:02]} dxc4 {[%emt 0:00:58]} 8. Bxc4 {[%emt 0:00:19]} c5 {[%emt 0:00:40]} 9. Ne2 {[%emt 0:03:20]} Qc7 {[%emt 0:03:21]} 10. Bd3 {[%emt 0:06:03]} Nc6 {[%emt 0:00:38]} 11. f4 {[%emt 0:09:59]} b6 {[%emt 0:09:23]} 12. O-O {[%emt 0:00:28]} Bb7 {[%emt 0:01:07]} 13. e4 {[%emt 0:15:45]} Na5 {[%emt 0:13:59]} 14. e5 {[%emt 0:09:28]} Qc6 {[%emt 0:01:53]} 15. Rf3 {[%emt 0:00:31]} Ne4 {[%emt 0:04:17]} 16. Ng3 {[%emt 0:07:07]} f5 {[%emt 0:06:14]} 17. exf6 {[%emt 0:00:56]} Nxf6 {[%emt 0:00:35]} 18. Rf2 {[%emt 0:03:50]} Rad8 {[%emt 0:07:12]} 19. Be3 {[%emt 0:03:58]} Kh8 {[%emt 0:10:02]} 20. Rb1 {[%emt 0:03:48]} Qd6 {[%emt 0:02:32]} 21. a4 {[%emt 0:06:17]} cxd4 {[%emt 0:05:02]} 22. cxd4 {[%emt 0:01:25]} Nc6 {[%emt 0:05:28]} 23. Ne4 {[%emt 0:01:28]} Qd5 {[%emt 0:01:32]} 24. Nxf6 {[%emt 0:04:10]} gxf6 {[%emt 0:04:35]} 25. Rb5 {[%emt 0:01:17]} Qd7 {[%emt 0:01:51]} 26. Bxh7 {[%emt 0:03:18]} f5 {[%emt 0:02:28]} 27. Bg6 {[%emt 0:02:36]} Kg7 {[%emt 0:01:30]} 28. Bh5 {[%emt 0:02:48]} Rh8 {[%emt 0:04:50]} 29. Bf3 {[%emt 0:01:11]} Ba6 {[%emt 0:01:40]} 30. d5 {[%emt 0:02:42]} Bxb5 {[%emt 0:04:43]} 31. axb5 {[%emt 0:00:11]} Ne7 {[%emt 0:01:01]} 32. Bd4+ {[%emt 0:00:26]} Kg8 {[%emt 0:00:32]} 33. Bxh8 {[%emt 0:00:20]} Kxh8 {[%emt 0:00:05]} 34. Qa1+ {[%emt 0:01:56]} Kh7 {[%emt 0:02:13]} 35. dxe6 {[%emt 0:01:31]} Qxe6 {[%emt 0:01:31]} 36. Re2 {[%emt 0:02:38]} Qd7 {[%emt 0:01:07]} 37. Qf6 {[%emt 0:03:10]} Ng6 {[%emt 0:01:36]} 38. g3 {[%emt 0:02:22]} Qd1+ {[%emt 0:01:11]} 39. Kf2 {[%emt 0:00:11]} Qd4+ {[%emt 0:01:55]} 40. Qxd4 {[%emt 0:00:00]} Rxd4 {[%emt 0:00:00]} 41. h4 {[%emt 0:02:19]} Rd7 {[%emt 0:04:22]} 42. h5 {[%emt 0:07:18]} Ne7 {[%emt 0:00:20]} 43. Re6 {[%emt 0:01:42]} Kg7 {[%emt 0:01:09]} 44. h6+ {[%emt 0:00:30]} Kf7 {[%emt 0:01:19]} 45. h7 {[%emt 0:00:49]} Rd8 {[%emt 0:00:30]} 46. Rd6 {[%emt 0:00:28]} Rh8 {[%emt 0:01:50]} 47. Rd7 {[%emt 0:01:08]} Rxh7 {[%emt 0:01:17]} 48. Rxa7 {[%emt 0:00:19]} Rh6 {[%emt 0:03:09]} 49. Rb7 {[%emt 0:01:51]} Kf8 {[%emt 0:07:32]} 50. Ke2 {[%emt 0:08:34]} Rd6 {[%emt 0:01:30]} 51. Ke3 {[%emt 0:00:53]} Rg6 {[%emt 0:00:40]} 52. Kd4 {[%emt 0:01:33]} Rxg3 {[%emt 0:00:35]} 53. Bc6 {[%emt 0:00:20]} Ng6 {[%emt 0:07:37]} 54. Rxb6 {[%emt 0:01:47]} Rg4 {[%emt 0:00:24]} 55. Rb8+ {[%emt 0:05:34]} Ke7 {[%emt 0:01:15]} 56. b6 {[%emt 0:02:34]} Rxf4+ {[%emt 0:00:59]} 57. Kc5 {[%emt 0:00:25]} Ne5 {[%emt 0:01:24]} 58. Re8+ {[%emt 0:00:50]} Kf6 {[%emt 0:00:18]} 59. Rxe5 {[%emt 0:00:19]} Rf1 {[%emt 0:00:34]} 60. Re8 {[%emt 0:00:50]} Rc1+ {[%emt 0:00:33]} 61. Kd6 {[%emt 0:00:21]} Rd1+ {[%emt 0:00:17]} 62. Bd5 {[%emt 0:00:14]} Rb1 {[%emt 0:00:09]} 63. b7 {[%emt 0:00:17]} 1-0

[Event "XIX Najdorf Memorial 2019"]
[Site "Warsaw"]
[Date "2019.07.07"]
[Round "2.25"]
[White "Praczukowski, Stanislaw"]
[Black "Krishna Teja, N."]
[Result "0-1"]
[WhiteElo "2166"]
[BlackElo "2368"]
[Annotator "NA"]
[PlyCount "46"]
[EventDate "2019.07.06"]
[EventType "swiss"]
[EventCountry "POL"]
[SourceTitle "playchess.com"]
[Source "ChessBase"]
[SourceQuality "1"]
[TimeControl "40/5400+30:1800+30"]

1. d4 {[%emt 0:00:00]} d5 {[%emt 0:00:00]} 2. c4 {[%emt 0:00:00]} e6 {[%emt 0:00:00]} 3. Nf3 {[%emt 0:00:00]} Nf6 {[%emt 0:00:00]} 4. g3 {[%emt 0:00:06]} Bb4+ {[%emt 0:00:25]} 5. Nbd2 {[%emt 0:00:47]} dxc4 {[%emt 0:00:20]} 6. Bg2 {[%emt 0:00:48]} b5 {[%emt 0:00:24]} 7. a4 {[%emt 0:03:41]} c6 {[%emt 0:00:13]} 8. O-O {[%emt 0:05:48]} a5 {[%emt 0:04:35]} 9. Ne1 {[%emt 0:05:22]} Ra7 {[%emt 0:00:25]} 10. Nc2 {[%emt 0:00:59]} Be7 {[%emt 0:00:05]} 11. e4 {[%emt 0:01:08]} O-O {[%emt 0:00:07]} 12. e5 {[%emt 0:02:26]} Nd5 {[%emt 0:00:06]} 13. Ne4 {[%emt 0:00:26]} Nd7 {[%emt 0:00:26]} 14. Qg4 {[%emt 0:03:01]} f5 {[%emt 0:00:07]} 15. exf6 {[%emt 0:00:20]} N7xf6 {[%emt 0:00:04]} 16. Qe2 {[%emt 0:00:43]} Nxe4 {[%emt 0:02:58]} 17. Qxe4 {[%emt 0:04:35]} Bf6 {[%emt 0:05:12]} 18. Re1 {[%emt 0:03:43]} Qb6 {[%emt 0:02:44]} 19. Bh3 {[%emt 0:07:39]} Re7 {[%emt 0:01:49]} 20. Bd2 {[%emt 0:03:12]} b4 {[%emt 0:03:16]} 21. Be3 {[%emt 0:04:50]} b3 {[%emt 0:08:39]} 22. Na3 {[%emt 0:05:14]} c3 {[%emt 0:00:06]} 23. Rab1 {[%emt 0:02:44]} Qb4 {[%emt 0:02:07]} 0-1

[Event "XIX Najdorf Memorial 2019"]
[Site "Warsaw"]
[Date "2019.07.07"]
[Round "2.26"]
[White "Akesson, Ralf"]
[Black "Shkliar, Boris"]
[Result "0-1"]
[WhiteElo "2365"]
[BlackElo "2160"]
[Annotator "NA"]
[PlyCount "68"]
[EventDate "2019.07.06"]
[EventType "swiss"]
[EventCountry "POL"]
[SourceTitle "playchess.com"]
[Source "ChessBase"]
[SourceQuality "1"]
[TimeControl "40/5400+30:1800+30"]

1. d4 {[%emt 0:03:22]} f5 {[%emt 0:06:34]} 2. Nc3 {[%emt 0:00:28]} Nf6 {[%emt 0:00:20]} 3. Bg5 {[%emt 0:00:25]} d5 {[%emt 0:01:16]} 4. Bxf6 {[%emt 0:02:19]} exf6 {[%emt 0:00:12]} 5. e3 {[%emt 0:00:11]} Be6 {[%emt 0:00:31]} 6. Bd3 {[%emt 0:00:54]} Qd7 {[%emt 0:00:51]} 7. Nge2 {[%emt 0:03:02]} Nc6 {[%emt 0:01:02]} 8. a3 {[%emt 0:00:51]} Bd6 {[%emt 0:01:27]} 9. Qd2 {[%emt 0:05:26]} g5 {[%emt 0:04:19]} 10. h4 {[%emt 0:06:05]} O-O-O {[%emt 0:01:14]} 11. Nb5 {[%emt 0:06:56]} Rhe8 {[%emt 0:09:13]} 12. Nxd6+ {[%emt 0:02:28]} Qxd6 {[%emt 0:01:14]} 13. hxg5 {[%emt 0:01:34]} fxg5 {[%emt 0:00:10]} 14. O-O-O {[%emt 0:01:22]} Re7 {[%emt 0:02:14]} 15. Rh6 {[%emt 0:04:13]} Rf7 {[%emt 0:11:09]} 16. Rdh1 {[%emt 0:02:37]} Qe7 {[%emt 0:04:53]} 17. Bb5 {[%emt 0:15:12]} Nb8 {[%emt 0:06:22]} 18. Qb4 {[%emt 0:08:01]} Rd6 {[%emt 0:14:06]} 19. Ng1 {[%emt 0:01:52]} a6 {[%emt 0:13:01]} 20. Ba4 {[%emt 0:06:34]} f4 {[%emt 0:14:00]} 21. exf4 {[%emt 0:04:55]} Bd7 {[%emt 0:02:40]} 22. Rxd6 {[%emt 0:04:31]} cxd6 {[%emt 0:00:28]} 23. Bb3 {[%emt 0:10:01]} Nc6 {[%emt 0:01:19]} 24. Qc3 {[%emt 0:01:31]} Qe4 {[%emt 0:00:30]} 25. f3 {[%emt 0:01:21]} Qxf4+ {[%emt 0:00:27]} 26. Kb1 {[%emt 0:00:18]} Qxd4 {[%emt 0:01:36]} 27. Qxd4 {[%emt 0:00:41]} Nxd4 {[%emt 0:00:01]} 28. Bxd5 {[%emt 0:00:17]} Re7 {[%emt 0:00:20]} 29. Be4 {[%emt 0:01:14]} d5 {[%emt 0:00:58]} 30. Rxh7 {[%emt 0:05:25]} Re5 {[%emt 0:01:51]} 31. c3 {[%emt 0:00:41]} Nc6 {[%emt 0:00:02]} 32. Bc2 {[%emt 0:00:40]} Re1+ {[%emt 0:00:09]} 33. Ka2 {[%emt 0:00:04]} Rxg1 {[%emt 0:00:10]} 34. g4 {[%emt 0:00:03]} d4 {[%emt 0:01:11]} 0-1

[Event "XIX Najdorf Memorial 2019"]
[Site "Warsaw"]
[Date "2019.07.07"]
[Round "2.27"]
[White "Krstulovic, Alex"]
[Black "Suliborski, Jakub"]
[Result "1/2-1/2"]
[WhiteElo "2360"]
[BlackElo "2131"]
[Annotator "NA"]
[PlyCount "83"]
[EventDate "2019.07.06"]
[EventType "swiss"]
[EventCountry "POL"]
[SourceTitle "playchess.com"]
[Source "ChessBase"]
[SourceQuality "1"]
[TimeControl "40/5400+30:1800+30"]

1. d4 {[%emt 0:01:45]} Nf6 {[%emt 0:00:00]} 2. c4 {[%emt 0:00:45]} e6 {[%emt 0:00:37]} 3. Nf3 {[%emt 0:00:04]} c5 {[%emt 0:00:23]} 4. d5 {[%emt 0:00:06]} b5 {[%emt 0:00:04]} 5. e4 {[%emt 0:00:41]} d6 {[%emt 0:00:50]} 6. Qc2 {[%emt 0:07:51]} b4 {[%emt 0:06:49]} 7. h3 {[%emt 0:02:36]} Be7 {[%emt 0:00:33]} 8. Bd3 {[%emt 0:00:57]} e5 {[%emt 0:03:04]} 9. Be3 {[%emt 0:02:02]} Nbd7 {[%emt 0:00:04]} 10. Nbd2 {[%emt 0:00:28]} Nh5 {[%emt 0:00:54]} 11. g3 {[%emt 0:04:41]} h6 {[%emt 0:04:05]} 12. Be2 {[%emt 0:06:09]} Nhf6 {[%emt 0:01:09]} 13. g4 {[%emt 0:10:51]} g5 {[%emt 0:00:38]} 14. a3 {[%emt 0:06:59]} bxa3 {[%emt 0:01:24]} 15. Rxa3 {[%emt 0:00:31]} Nf8 {[%emt 0:00:10]} 16. Bxc5 {[%emt 0:10:46]} dxc5 {[%emt 0:00:38]} 17. Nxe5 {[%emt 0:00:04]} Qc7 {[%emt 0:05:08]} 18. Nc6 {[%emt 0:01:30]} Ng6 {[%emt 0:05:07]} 19. Re3 {[%emt 0:13:48]} O-O {[%emt 0:11:25]} 20. e5 {[%emt 0:02:53]} Ne8 {[%emt 0:00:58]} 21. Bf3 {[%emt 0:08:10]} Nh4 {[%emt 0:08:37]} 22. Be4 {[%emt 0:05:44]} Bb7 {[%emt 0:00:23]} 23. d6 {[%emt 0:01:23]} Bxd6 {[%emt 0:05:49]} 24. exd6 {[%emt 0:00:11]} Nxd6 {[%emt 0:00:39]} 25. Ne7+ {[%emt 0:00:12]} Kg7 {[%emt 0:00:26]} 26. Nd5 {[%emt 0:01:44]} Bxd5 {[%emt 0:00:23]} 27. Bxd5 {[%emt 0:00:10]} Rae8 {[%emt 0:00:06]} 28. O-O {[%emt 0:01:53]} Ng6 {[%emt 0:00:17]} 29. Rfe1 {[%emt 0:06:29]} Rxe3 {[%emt 0:02:13]} 30. Rxe3 {[%emt 0:01:35]} f6 {[%emt 0:00:11]} 31. Ne4 {[%emt 0:00:25]} Nxe4 {[%emt 0:01:19]} 32. Qxe4 {[%emt 0:00:03]} Rb8 {[%emt 0:00:22]} 33. Qf5 {[%emt 0:01:37]} Rxb2 {[%emt 0:04:19]} 34. Re8 {[%emt 0:00:35]} Rb8 {[%emt 0:02:54]} 35. Rxb8 {[%emt 0:00:29]} Qxb8 {[%emt 0:00:05]} 36. Qd7+ {[%emt 0:00:28]} Kh8 {[%emt 0:00:05]} 37. Qf7 {[%emt 0:00:51]} Qb1+ {[%emt 0:00:43]} 38. Kh2 {[%emt 0:00:58]} Qb8+ {[%emt 0:00:02]} 39. Kg1 {[%emt 0:00:22]} Qb1+ {[%emt 0:00:04]} 40. Kg2 {[%emt 0:00:00]} Nh4+ {[%emt 0:00:00]} 41. Kh2 {[%emt 0:00:13]} Qb8+ {[%emt 0:00:41]} 42. Kg1 {[%emt 0:00:43]} 1/2-1/2

[Event "XIX Najdorf Memorial 2019"]
[Site "Warsaw"]
[Date "2019.07.07"]
[Round "2.28"]
[White "Malynovskyi, Rostyslav"]
[Black "Mosesov, Danylo"]
[Result "0-1"]
[WhiteElo "2156"]
[BlackElo "2353"]
[Annotator "NA"]
[PlyCount "78"]
[EventDate "2019.07.06"]
[EventType "swiss"]
[EventCountry "POL"]
[SourceTitle "playchess.com"]
[Source "ChessBase"]
[SourceQuality "1"]
[TimeControl "40/5400+30:1800+30"]

1. Nf3 Nf6 2. c4 b6 3. g3 Bb7 4. Bg2 g6 5. O-O Bg7 6. d4 O-O 7. Nc3 Ne4 8. Nxe4 Bxe4 9. d5 c6 10. Nd4 Bxg2 11. Kxg2 c5 12. Nf3 d6 13. Qc2 Nd7 14. Bd2 e5 15. dxe6 fxe6 16. Rad1 Qe7 17. Bg5 Nf6 18. Qd3 Rad8 19. e4 h6 20. Bc1 Kh7 21. Nh4 Qf7 22. f4 Rfe8 23. Qc2 Qb7 24. Rde1 Nd7 25. Rf3 Nf8 26. Ref1 Bf6 27. b3 a6 28. f5 exf5 29. Bb2 Bxb2 30. exf5 g5 31. f6+ Qe4 32. Qxb2 g4 33. f7 gxf3+ 34. Rxf3 Qe2+ 35. Qxe2 Rxe2+ 36. Kh3 Rd7 37. Kg4 Re4+ 38. Kh5 Re5+ 39. Kg4 Rg5+ 0-1

[Event "XIX Najdorf Memorial 2019"]
[Site "Warsaw"]
[Date "2019.07.07"]
[Round "2.29"]
[White "Niedbala, Bartlomiej"]
[Black "Bednarek, Sylwester"]
[Result "1/2-1/2"]
[WhiteElo "2152"]
[BlackElo "2291"]
[Annotator "NA"]
[PlyCount "75"]
[EventDate "2019.07.06"]
[EventType "swiss"]
[EventCountry "POL"]
[SourceTitle "playchess.com"]
[Source "ChessBase"]
[SourceQuality "1"]
[TimeControl "40/5400+30:1800+30"]

1. d4 Nf6 2. c4 c5 3. d5 e6 4. Nc3 exd5 5. cxd5 d6 6. Nf3 g6 7. Bf4 a6 8. e4 Bg4 9. h3 Bxf3 10. Qxf3 Bg7 11. a4 Nh5 12. Bd2 Nd7 13. Be2 Bd4 14. g3 Ne5 15. Qg2 Qb6 16. O-O Qxb2 17. Ra2 Qb6 18. Rb1 Qc7 19. Rab2 Ra7 20. Bxa6 O-O 21. Nb5 Qd7 22. Nxa7 bxa6 23. Rb7 Qxa4 24. Nc6 Nxc6 25. dxc6 Qxc6 26. R7b6 Qa4 27. Qf3 Nf6 28. Bf4 Nd7 29. Rxd6 Ne5 30. Bxe5 Bxe5 31. Rd5 Bd4 32. Rb7 Qa2 33. Kg2 a5 34. h4 h5 35. Ra7 a4 36. Rd6 Re8 37. Rd5 Rf8 38. Rd6 1/2-1/2

[Event "XIX Najdorf Memorial 2019"]
[Site "Warsaw"]
[Date "2019.07.07"]
[Round "2.30"]
[White "Rakshitta Ravi"]
[Black "Godzwon, Iwo"]
[Result "1-0"]
[WhiteElo "2112"]
[BlackElo "2285"]
[Annotator "NA"]
[PlyCount "107"]
[EventDate "2019.07.06"]
[EventType "swiss"]
[EventCountry "POL"]
[SourceTitle "playchess.com"]
[Source "ChessBase"]
[SourceQuality "1"]
[TimeControl "40/5400+30:1800+30"]

1. e4 {[%emt 0:00:00]} c5 {[%emt 0:00:00]} 2. Nc3 {[%emt 0:00:00]} Nc6 {[%emt 0:01:12]} 3. Bb5 {[%emt 0:00:38]} Nd4 {[%emt 0:05:09]} 4. Bc4 {[%emt 0:00:06]} e6 {[%emt 0:00:02]} 5. Nf3 {[%emt 0:01:11]} a6 {[%emt 0:00:01]} 6. Nxd4 {[%emt 0:00:52]} cxd4 {[%emt 0:00:04]} 7. Ne2 {[%emt 0:00:05]} b5 {[%emt 0:00:03]} 8. Bb3 {[%emt 0:00:05]} Bb7 {[%emt 0:08:52]} 9. d3 {[%emt 0:00:21]} Bc5 {[%emt 0:00:06]} 10. Ng3 {[%emt 0:02:35]} Ne7 {[%emt 0:06:32]} 11. Qg4 {[%emt 0:03:24]} O-O {[%emt 0:14:12]} 12. f4 {[%emt 0:06:01]} Bb4+ {[%emt 0:18:11]} 13. Kf2 {[%emt 0:02:03]} Ng6 {[%emt 0:03:00]} 14. h4 {[%emt 0:06:35]} d5 {[%emt 0:04:07]} 15. e5 {[%emt 0:11:19]} f5 {[%emt 0:01:41]} 16. Qe2 {[%emt 0:03:31]} a5 {[%emt 0:02:26]} 17. a3 {[%emt 0:05:25]} Be7 {[%emt 0:00:52]} 18. h5 {[%emt 0:05:48]} Nh8 {[%emt 0:00:03]} 19. Bd2 {[%emt 0:06:01]} a4 {[%emt 0:02:27]} 20. Ba2 {[%emt 0:00:14]} Rc8 {[%emt 0:00:08]} 21. Rac1 {[%emt 0:00:23]} Qb6 {[%emt 0:00:06]} 22. Bb4 {[%emt 0:07:11]} Bxb4 {[%emt 0:02:28]} 23. axb4 {[%emt 0:02:37]} Nf7 {[%emt 0:00:04]} 24. Nf1 {[%emt 0:00:20]} Nh6 {[%emt 0:00:27]} 25. Nh2 {[%emt 0:00:14]} Rf7 {[%emt 0:01:19]} 26. Rhg1 {[%emt 0:01:36]} Qd8 {[%emt 0:02:41]} 27. g3 {[%emt 0:00:34]} Rfc7 {[%emt 0:00:05]} 28. Bb1 {[%emt 0:00:46]} Qf8 {[%emt 0:00:25]} 29. Qd2 {[%emt 0:00:46]} Qf7 {[%emt 0:00:10]} 30. Qe2 {[%emt 0:01:33]} Bc6 {[%emt 0:01:43]} 31. Rh1 {[%emt 0:01:12]} Ra7 {[%emt 0:06:32]} 32. Nf3 {[%emt 0:03:26]} a3 {[%emt 0:00:33]} 33. bxa3 {[%emt 0:00:09]} Rxa3 {[%emt 0:00:02]} 34. Ke1 {[%emt 0:01:49]} Qa7 {[%emt 0:06:45]} 35. Qf2 {[%emt 0:01:19]} Bd7 {[%emt 0:00:04]} 36. Kd2 {[%emt 0:01:26]} Ra4 {[%emt 0:03:26]} 37. Qxd4 {[%emt 0:02:55]} Qxd4 {[%emt 0:00:06]} 38. Nxd4 {[%emt 0:00:04]} Rxb4 {[%emt 0:00:02]} 39. c3 {[%emt 0:03:01]} Rb2+ {[%emt 0:00:08]} 40. Rc2 {[%emt 0:00:00]} b4 {[%emt 0:00:00]} 41. cxb4 {[%emt 0:06:39]} Rxb4 {[%emt 0:00:07]} 42. Rxc8+ {[%emt 0:01:30]} Bxc8 {[%emt 0:00:02]} 43. Kc3 {[%emt 0:00:37]} Rb7 {[%emt 0:01:18]} 44. Bc2 {[%emt 0:00:53]} Kf7 {[%emt 0:00:20]} 45. Ra1 {[%emt 0:00:48]} Ng8 {[%emt 0:00:06]} 46. Ra5 {[%emt 0:04:01]} Bd7 {[%emt 0:02:24]} 47. Ba4 {[%emt 0:05:07]} Bxa4 {[%emt 0:00:59]} 48. Rxa4 {[%emt 0:00:01]} Rb6 {[%emt 0:00:04]} 49. Ra7+ {[%emt 0:00:38]} Ne7 {[%emt 0:00:11]} 50. Nb3 {[%emt 0:00:52]} Rc6+ {[%emt 0:01:51]} 51. Kd4 {[%emt 0:00:25]} h6 {[%emt 0:03:15]} 52. Nc5 {[%emt 0:00:48]} Kf8 {[%emt 0:00:37]} 53. Ra8+ {[%emt 0:00:37]} Kf7 {[%emt 0:00:05]} 54. Nb7 {[%emt 0:00:16]} 1-0

[Event "XIX Najdorf Memorial 2019"]
[Site "Warsaw"]
[Date "2019.07.07"]
[Round "2.31"]
[White "Bednarczyk, Damian"]
[Black "Malec, Sebastian"]
[Result "1-0"]
[WhiteElo "2256"]
[BlackElo "2114"]
[Annotator "NA"]
[PlyCount "57"]
[EventDate "2019.07.06"]
[EventType "swiss"]
[EventCountry "POL"]
[SourceTitle "playchess.com"]
[Source "ChessBase"]
[SourceQuality "1"]
[TimeControl "40/5400+30:1800+30"]

1. e4 {[%emt 0:00:00]} c5 {[%emt 0:08:45]} 2. Nf3 {[%emt 0:00:00]} Nc6 {[%emt 0:00:05]} 3. Bb5 {[%emt 0:00:00]} e6 {[%emt 0:00:56]} 4. Bxc6 {[%emt 0:00:29]} dxc6 {[%emt 0:00:10]} 5. O-O {[%emt 0:01:59]} Ne7 {[%emt 0:00:58]} 6. e5 {[%emt 0:03:46]} Nf5 {[%emt 0:03:48]} 7. d3 {[%emt 0:00:56]} Be7 {[%emt 0:00:18]} 8. Nc3 {[%emt 0:03:46]} h5 {[%emt 0:10:31]} 9. Ne4 {[%emt 0:02:56]} b6 {[%emt 0:06:49]} 10. Re1 {[%emt 0:06:46]} a5 {[%emt 0:02:41]} 11. Bg5 {[%emt 0:03:25]} Ba6 {[%emt 0:22:53]} 12. Qd2 {[%emt 0:12:31]} Ra7 {[%emt 0:04:45]} 13. a3 {[%emt 0:05:39]} Bxg5 {[%emt 0:09:18]} 14. Nfxg5 {[%emt 0:12:57]} Rd7 {[%emt 0:02:26]} 15. Qf4 {[%emt 0:14:29]} a4 {[%emt 0:13:37]} 16. h4 {[%emt 0:05:47]} Rd4 {[%emt 0:05:54]} 17. Nf3 {[%emt 0:05:11]} Rd7 {[%emt 0:00:05]} 18. Nfg5 {[%emt 0:03:54]} Rd4 {[%emt 0:00:06]} 19. c3 {[%emt 0:01:09]} Rxd3 {[%emt 0:00:16]} 20. Nd6+ {[%emt 0:00:05]} Nxd6 {[%emt 0:00:07]} 21. exd6 {[%emt 0:00:01]} O-O {[%emt 0:01:30]} 22. Qe4 {[%emt 0:00:18]} g6 {[%emt 0:00:14]} 23. Nxe6 {[%emt 0:00:22]} Qxd6 {[%emt 0:00:55]} 24. Nxf8 {[%emt 0:00:11]} Kxf8 {[%emt 0:00:08]} 25. Qxa4 {[%emt 0:01:15]} Bb5 {[%emt 0:00:29]} 26. Qe4 {[%emt 0:02:46]} Rd2 {[%emt 0:00:12]} 27. a4 {[%emt 0:00:55]} Bd3 {[%emt 0:00:41]} 28. Qe3 {[%emt 0:00:05]} Rxb2 {[%emt 0:01:04]} 29. Qh6+ {[%emt 0:00:06]} 1-0

[Event "XIX Najdorf Memorial 2019"]
[Site "Warsaw"]
[Date "2019.07.07"]
[Round "2.32"]
[White "Zaninotto, Franco"]
[Black "AlHuwar, Jasem"]
[Result "0-1"]
[WhiteElo "2094"]
[BlackElo "2255"]
[Annotator "NA"]
[PlyCount "76"]
[EventDate "2019.07.06"]
[EventType "swiss"]
[EventCountry "POL"]
[SourceTitle "playchess.com"]
[Source "ChessBase"]
[SourceQuality "1"]
[TimeControl "40/5400+30:1800+30"]

1. e4 {[%emt 0:00:00]} g6 {[%emt 0:00:00]} 2. d4 {[%emt 0:00:00]} Bg7 {[%emt 0:00:00]} 3. Nf3 {[%emt 0:00:04]} d6 {[%emt 0:00:00]} 4. Bd3 {[%emt 0:00:09]} e5 {[%emt 0:00:38]} 5. c3 {[%emt 0:00:25]} Nc6 {[%emt 0:00:33]} 6. d5 {[%emt 0:01:32]} Nce7 {[%emt 0:00:08]} 7. c4 {[%emt 0:00:26]} h6 {[%emt 0:00:27]} 8. Nc3 {[%emt 0:01:30]} f5 {[%emt 0:00:31]} 9. Bd2 {[%emt 0:16:30]} Nf6 {[%emt 0:00:53]} 10. Qc1 {[%emt 0:02:20]} a5 {[%emt 0:05:33]} 11. b3 {[%emt 0:09:44]} f4 {[%emt 0:06:20]} 12. h3 {[%emt 0:05:16]} O-O {[%emt 0:00:37]} 13. Nh2 {[%emt 0:14:10]} Bd7 {[%emt 0:03:28]} 14. a4 {[%emt 0:08:55]} g5 {[%emt 0:04:35]} 15. Nb5 {[%emt 0:10:39]} b6 {[%emt 0:03:38]} 16. b4 {[%emt 0:05:07]} axb4 {[%emt 0:04:26]} 17. Bxb4 {[%emt 0:00:09]} h5 {[%emt 0:01:20]} 18. Ra3 {[%emt 0:04:30]} Ng6 {[%emt 0:01:57]} 19. a5 {[%emt 0:10:57]} bxa5 {[%emt 0:00:31]} 20. Bxa5 {[%emt 0:00:11]} Rxa5 {[%emt 0:00:35]} 21. Rxa5 {[%emt 0:00:07]} c6 {[%emt 0:00:20]} 22. Qa3 {[%emt 0:00:42]} cxb5 {[%emt 0:04:48]} 23. cxb5 {[%emt 0:00:03]} g4 {[%emt 0:00:30]} 24. hxg4 {[%emt 0:00:30]} hxg4 {[%emt 0:00:14]} 25. Nf1 {[%emt 0:00:22]} Qb8 {[%emt 0:05:54]} 26. Nd2 {[%emt 0:03:31]} Rc8 {[%emt 0:03:00]} 27. O-O {[%emt 0:00:45]} g3 {[%emt 0:01:08]} 28. Ra6 {[%emt 0:01:35]} gxf2+ {[%emt 0:00:53]} 29. Rxf2 {[%emt 0:00:39]} Bxb5 {[%emt 0:08:34]} 30. Bxb5 {[%emt 0:00:16]} Qxb5 {[%emt 0:00:05]} 31. Qxd6 {[%emt 0:00:27]} Nf8 {[%emt 0:00:28]} 32. Ra7 {[%emt 0:02:48]} Qc5 {[%emt 0:04:24]} 33. Qxc5 {[%emt 0:00:20]} Rxc5 {[%emt 0:00:03]} 34. Rf1 {[%emt 0:01:19]} Rc2 {[%emt 0:00:53]} 35. Nf3 {[%emt 0:00:46]} Nxe4 {[%emt 0:05:09]} 36. Rb1 {[%emt 0:00:26]} Ng3 {[%emt 0:01:59]} 37. d6 {[%emt 0:00:42]} e4 {[%emt 0:00:20]} 38. d7 {[%emt 0:00:22]} exf3 {[%emt 0:00:18]} 0-1

[Event "XIX Najdorf Memorial 2019"]
[Site "Warsaw"]
[Date "2019.07.08"]
[Round "3.1"]
[White "Salem, A.R. Saleh"]
[Black "Popovic, Dusan"]
[Result "1-0"]
[WhiteElo "2672"]
[BlackElo "2487"]
[Annotator "TA"]
[PlyCount "47"]
[EventDate "2019.07.06"]
[EventType "swiss"]
[EventCountry "POL"]
[SourceTitle "playchess.com"]
[Source "ChessBase"]
[SourceQuality "1"]

{[%evp 19,47,21,25,32,38,16,17,19,43,50,164,156,204,216,208,185,191,161,376,369,1334,1296,1288,1257,29993,29994,29994,29994,29994,29995]} 1. d4 Nf6 2. c4 g6 3. Nc3 Bg7 4. e4 d6 5. f3 c6 6. Be3 a6 7. a4 a5 8. Bd3 Na6 9. Nge2 O-O 10. O-O e5 11. Qd2 {E80: King's Indian: Sämisch: Lines without early ...0-0} exd4 12. Nxd4 Nd7 13. Rad1 {The position is equal.} Ndc5 14. Bb1 Qb6 {[#]} ({Black should play} 14... Qe7 $14) 15. f4 $1 $18 Nb3 $146 ({Predecessor:} 15... Qb4 16. f5 Nd7 17. Bh6 Nac5 18. Bxg7 Kxg7 19. Rf3 f6 20. fxg6 hxg6 {0-1 (44) Razuvaev,Y (2585)-Iskusnyh,S (2430) Elista 1995}) 16. Nxb3 Qxb3 17. f5 Be5 18. Kh1 Nc5 $2 (18... Qb4) 19. Bf4 b6 $2 (19... Qb6 20. Bxe5 dxe5) 20. Bxe5 dxe5 21. Qh6 {[#] Threatening mate with f6.} Ba6 22. f6 {[%csl Gf6][%cal Rh6g7] White mates.} Ne6 23. Rf3 Rfd8 24. Rg1 {Accuracy: White = 92%, Black = 21%.} 1-0